00420 2200169 4500001002100000008004100021035002000062245003000082100001800112260002800130300002400158020002100182084001400203082000800217650001000225990001500235INLIS000000000003274 ind  a0010-1225000095 aAlpha RomeocIndah Hanaco aHanaco, Indah aJakartabGramediac2025 a336 hlmc13 x 19 cm a978-623-0316-197 a813 IND a a813 aFiksi a19749/B/26